• 首页
  • 本馆介绍
  • 公告通知
  • 最新文献
  • 馆藏检索
  • 电子资源
  • 读者导购
  • 参考咨询
  • 我的图书馆
  • 登录
  • 详细信息显示
  • 放入我的书架
  • 预约/预借图书
  • 作者相关作品
  • 分类相关作品
  • 丛书相关作品
  • 出版社相关作品

书目信息

  • 表格格式
  • 工作单格式
  • 卡片格式
题名:
楼宇智能化技术
    
 
作者: 许锦标 , 张振昭 主编
分册:  
出版信息: 北京   机械工业出版社  2010
页数: 10,407页
开本: 26cm
丛书名:
单 册:
中图分类: TU243
科图分类:
主题词: 智能化建筑--自动化技术--高等教育--教材 , 智能化建筑 , 自动化技术
电子资源:
ISBN: 978-7-111-30381-7
000 01164nam0 2200289 450
001 012015000565
005 20150911083451.53
010    @a978-7-111-30381-7@dCNY39.80
100    @a20100705d2010 em y0chiy50 ea
101 0  @achi
102    @aCN@b110000
105    @aa z 000yy
106    @ar
200 1  @a楼宇智能化技术@ALou Yu Zhi Neng Hua Ji Shu@f许锦标,张振昭主编
205    @a3版
210    @a北京@c机械工业出版社@d2010
215    @a10,407页@c图@d26cm
300    @a普通高等教育“十一五”规划教材 普通高等教育智能建筑规划教材
330    @a本书分三篇:第一篇为智能楼宇信息传输网络技术,包括智能楼宇信息传输网络基础原理、智能化楼宇内计算机网络技术及电话网技术等;第二篇为楼宇设备自动控制技术,包括楼宇基本设备及其控制特性、楼宇设备自动化技术等;第三篇为楼宇智能化综合应用技术与系统集成技术,包括智能楼宇声频应用技术、智能楼宇视频应用技术等。
606 0  @a智能化建筑@x自动化技术@x高等教育@j教材
606 0  @a智能化建筑
606 0  @a自动化技术
690    @aTU243@v5
701  0 @a许锦标@AXu Jin Biao@f(1963~)@4主编
701  0 @a张振昭@AZhang Zhen Zhao@f(1938.10~)@4主编
801  0 @aCN@b碧洲教育@c20150718
905    @a10447@f3@dTU243@e678=3
    
    楼宇智能化技术/许锦标,张振昭主编.-3版.-北京:机械工业出版社,2010
    10,407页:图;26cm
    普通高等教育“十一五”规划教材 普通高等教育智能建筑规划教材
    
    ISBN 978-7-111-30381-7:CNY39.80
    本书分三篇:第一篇为智能楼宇信息传输网络技术,包括智能楼宇信息传输网络基础原理、智能化楼宇内计算机网络技术及电话网技术等;第二篇为楼宇设备自动控制技术,包括楼宇基本设备及其控制特性、楼宇设备自动化技术等;第三篇为楼宇智能化综合应用技术与系统集成技术,包括智能楼宇声频应用技术、智能楼宇视频应用技术等。
●
相关链接 在E读中查询图书 在五车中查询图书 在当当中查询图书 在豆瓣中查询图书


正题名:楼宇智能化技术     索取号:TU243/678=3         预约/预借

序号 登录号 条形码 馆藏地/架位号 状态 备注
1 0848890   208488901   第二样本阅览室/ [索取号:TU243/678=3] 在馆    
2 0848891   208488910   第三借阅区/ [索取号:TU243/678=3] 在馆    
3 0848892   208488929   第三借阅区/ [索取号:TU243/678=3] 在馆    
唐山师范学院图书馆 欢迎您!
大连网信软件有限公司© 版权所有